000 00446nam a2200193Ia 4500
005 20240823032214.0
008 240823s9999||||xx |||||||||||||| ||und||
020 _a978-81-8371-415-7
041 _aENGLISH
082 _A005.7585 Q2
100 _aVasantha T
245 0 _aSQL Server
250 _a1st
260 _c2012
_bScitech Publica
500 _aYES
650 _aSQL Server
_bComputer Applications
942 _cBK
999 _c192906
_d192906